01018nam a2200241 a 450000100100000000500170001000800410002702000150006804000250008308200160010810000290012424501850015325000110033826000370034930000230038650000710040950400320048050000740051259000260058670000330061295201140064599900170075900002405020200930022656.0110118s1988 sp r 000 0 spa d a8423924394 aDO-SdBNPbspacBNPHU axxxxbS571a1 aSiegel, Bernie S.94942010aAmor, medicina milagrosa :benseñanzas sobre autocuración debidas a la experiencia de un cirujano con pacientes excepcionales /cBernie S. Siegel ; traducción Jaime Dóriga. a4a ed. aEspaña :bEspasa Calpe,c1988. a286 p. ;c23.5 cm. aIncluye datos biográficos del autor en la solapa de la cubierta. aBibliografía : p. 282-286 aIncluye referencias bibliográficas y notas al pie de las páginas. aInventariado, 2019/BT1 aDóriga, Jaime,etr.949421 001050718MOaGRbGRcHDd2011-01-18iLF1l0oxxxx S571ap24050-10r2020-06-25w2020-06-25y1ZNo se presta c23545d23545